00805nam a22002657a 4500003000500000005001700005008004100022010001100063011001100074020001500085035001100100040000900111082001600120100001700136245005100153260003300204300002000237490002000257534007900277650003900356650003400395650004300429650004700472830002000519CHAP20220329143724.0110412s1973 sp a r 00010 spa d a100929 a101901 a8432402427 a112589 cCHAP04a333.72bH751 aHéomet, B.10aActividades en la naturalezac/por B. Héomet aBarcelona :bVilamala,c1973 a128 p. :bilus. 0a100 ideasv; 11 pTít. original :tActivités dans la nature.cParís : Vilamala, c1973.14aEcologíaxEstudio y enseñanza.14aFilosofía de la naturaleza.14aMedio ambientexEstudio y enseñanza.14aRecursos naturalesxEstudio y enseñanza. 0a100 ideasv; 11